00293nam a2200121Ia 4500008004100000041000800041082001700049100001700066245003100083260002600114300002400140365000700164240624s9999 xx 000 0 und d aeng a510.2433 SIM aSIMON CARL P aMATHEMATICS FOR ECONOMISTS c2014aNew DelhibViva a930 : p. : cm. ; 22 cRS